| 000 | 01076nam a2200253Ia 4500 | ||
|---|---|---|---|
| 999 |
_c47149 _d47149 |
||
| 001 | 14007 | ||
| 003 | GE_BSU | ||
| 005 | 20241018154459.0 | ||
| 008 | 181216s2014||||ge |||||||||||||| ||geo|| | ||
| 020 | _a9789941108600 | ||
| 040 | _cGE_BSU | ||
| 041 | _ageo | ||
| 080 | _a633.88 ს-22 | ||
| 245 |
_aსამკურნალო მცენარეები / _cშემდგ. ალეკო კვერნაძე ; რედ. მანანა გველესიანი. |
||
| 264 |
_aთბილისი : _bმერიდიანი, _c2014. |
||
| 300 |
_a408 გვ. : _bილ. ; _c24 სმ. |
||
| 504 | _aბიბლიოგრ. : გვ. 407 | ||
| 541 | _h23ლ.90თ. | ||
| 653 | _aსამკურნალო მცენარეები | ||
| 653 | _aხალხური მედიცინა | ||
| 700 |
_aკვერნაძე, ა. (ალეკო) _eშემდგენელი _923444 |
||
| 700 |
_aგველესიანი, მ. (მანანა) _eრედაქტორი _923445 |
||
| 942 |
_cBK _2udc |
||